Bibliografía histórica 1959-1967
Gespeichert in:
| 1. Verfasser: | |
|---|---|
| Format: | Buch |
| Sprache: | Spanisch |
| Veröffentlicht: |
Santiago, Chile
Instituto de Historia Universidad Católica de Chile
1970
|
| Schlagworte: | |
| Tags: |
Tag hinzufügen
Keine Tags, Fügen Sie den ersten Tag hinzu!
|
MARC
| LEADER | 00000nam a2200000 a 4500 | ||
|---|---|---|---|
| 001 | UCO4297 | ||
| 003 | CL-VaPUC | ||
| 005 | 20220122074358.0 | ||
| 008 | 000728e19700000CL |||||||||||||||||spa|d | ||
| 999 | |c 290362 |d 290360 | ||
| 040 | |c Pontificia Universidad Católica de Valparaíso | ||
| 082 | 0 | 4 | |a 015.83 ARA 1970 |2 21 |
| 100 | 0 | |a Aránguiz Donoso, Horacio |e author |9 448708 | |
| 245 | 1 | 0 | |a Bibliografía histórica 1959-1967 |
| 260 | |a Santiago, Chile |b Instituto de Historia Universidad Católica de Chile |c 1970 | ||
| 300 | |a 84 páginas | ||
| 583 | |a last modification |c 20000728 00:00:00 |k Rodrigo Vera | ||
| 650 | 0 | |a Bibliografías |x HISTORIA DE CHILE |y 1956-1967 |9 257071 | |
| 650 | 7 | |a HISTORIA DE CHILE |2 CL-VaPUC |9 448709 |y 1956-1967 | |
| 852 | |a BIBCUR | ||
| 942 | |c BK |2 ddc | ||
| 945 | |d 20000728 00:00:00 |a crobeson | ||
| 952 | |0 0 |1 0 |2 ddc |4 0 |6 015_830000000000000_ARA_1970 |7 0 |8 X |9 339701 |a BIBHIS |b BIBHIS |d 2019-11-20 |i 1212923 |o 015.83 ARA 1970 |p 1212923 |r 2024-01-30 |t 1 |w 2019-11-20 |y BK_X |k HIS | ||